000 00758nam a2200193Ia 4500
003 GCL
008 140319s9999 xx 000 0 ara d
040 _aGCL /
_cGCL
082 0 4 _a956.04
_bام
100 1 _aاحمد صدقى الدجانى
245 1 0 _aمسيرة الشعب الفلسطينى وافاق الصراع العربى -الاسرائيلى فى الثمانينات ,ط 2 /
_cاحمد صدقى الدجانى
260 _a[S.N] :
_bمؤسسة الدراسات الفلسطينية ،
_c1986
300 _a45 ص
490 _aاوراق مؤسسة الدراسات الفلسطسينية
_v0
650 0 4 _aالنزاع العربى الاسرائيلى
650 0 4 _aفلسطين
650 0 4 _aالفلسطينيون
942 _2ddc
_cBK
999 _c41208
_d41208